Tensor (Record no. 53094)

MARC details
000 -LEADER
campo de control de longitud fija 01356nam a2200325 i 4500
001 - NÚMERO DE CONTROL
campo de control 53094
003 - IDENTIFICADOR DE NÚMERO DE CONTROL
campo de control ES-MaACL
005 - FECHA Y HORA DE LA ÚLTIMA TRANSACCIÓN
campo de control 20250808011646.0
007 - CAMPO FIJO DE DESCRIPCIÓN FÍSICA--INFORMACIÓN GENERAL
campo de control de longitud fija t|
008 - DATOS DE LONGITUD FIJA--INFORMACIÓN GENERAL
campo de control de longitud fija 031007s20011935sp h ||||1| spa d
020 ## - NÚMERO INTERNACIONAL ESTÁNDAR DEL LIBRO
Número Internacional Estándar del Libro 84-8127-101-2
080 ## - NÚMERO DE LA CLASIFICACIÓN DECIMAL UNIVERSAL
Número de la Clasificación Decimal Universal 070:82(460)"1935"
080 ## - NÚMERO DE LA CLASIFICACIÓN DECIMAL UNIVERSAL
Número de la Clasificación Decimal Universal 008
245 00 - MENCIÓN DEL TÍTULO
Título Tensor
Resto del título : información literaria y orientación /
Mención de responsabilidad, etc. edición facsimilar de la revista dirigida por Ramón J. Sender ; José Domingo Dueñas Lorente, prólogo ; Marshall J. Schneider, estudio preliminar sobre "Historia de un día de la vida española".
260 ## - PUBLICACIÓN, DISTRIBUCIÓN, ETC.
Lugar de publicación, distribución, etc. Huesca :
Nombre del editor, distribuidor, etc. Instituto de Estudios Altoaragoneses,
Fecha de publicación, distribución, etc. [2001]
300 ## - DESCRIPCIÓN FÍSICA
Extensión LX, 229, [17] p. :
Otras características físicas il. ;
Dimensiones 18 cm.
490 1# - MENCIÓN DE SERIE
Mención de serie Rememoranzas ;
Designación de volumen o secuencia 7
500 ## - NOTA GENERAL
Nota general Índices.
534 ## - NOTA SOBRE LA VERSIÓN ORIGINAL
Frase introductoria Reprod. facs. de la publicación quincenal [2 n. en 1 fasc. al mes] de:
Publicación, distribución, etc. del original Madrid : Imp. Juan Pueyo, 1935.
630 07 - PUNTO DE ACCESO ADICIONAL DE MATERIA--TÍTULO UNIFORME
Título uniforme Tensor (Madrid, 1935)-
Subdivisión de forma Facsímiles.
9 (RLIN) 124995
650 #7 - PUNTO DE ACCESO ADICIONAL DE MATERIA--TÉRMINO DE MATERIA
Término de materia o nombre geográfico como elemento de entrada Vida intelectual
Fuente del encabezamiento o término embne
9 (RLIN) 159621
700 1# - ENTRADA AGREGADA--NOMBRE PERSONAL
Nombre de persona Sender, Ramón J.,
Fechas asociadas al nombre 1901-1982
9 (RLIN) 105441
700 1# - ENTRADA AGREGADA--NOMBRE PERSONAL
Nombre de persona Dueñas Lorente, José Domingo.
9 (RLIN) 45878
700 1# - ENTRADA AGREGADA--NOMBRE PERSONAL
Nombre de persona Schneider, Marshall J.
9 (RLIN) 104570
710 2# - ENTRADA AGREGADA--NOMBRE DE ENTIDAD CORPORATIVA
Nombre de entidad corporativa o nombre de jurisdicción como elemento de entrada Instituto de Estudios Altoaragoneses.
9 (RLIN) 4888
740 0# - ENTRADA AGREGADA--TÍTULO RELACIONADO/ANALÍTICO NO CONTROLADO
Título relacionado o analítico no controlado Historia de un día de la vida española.
830 0# - PUNTO DE ACCESO ADICIONAL DE SERIE-TÍTULO UNIFORME
Título uniforme Rememoranzas ;
Designación de volumen o secuencia 7
9 (RLIN) 230233
852 ## - LOCALIZACIÓN
Ubicación ES-MaACL
Número de control de estantería L-26503
Holdings
Estatus retirado Estado de pérdida Estado de daño No para préstamo Biblioteca de origen Biblioteca actual Ubicación en estantería Fecha de adquisición Fuente de adquisición Total de préstamos Signatura topográfica completa Código de barras Visto por última vez Precio de reemplazo Tipo de ítem Koha
        Biblioteca del Ateneo de Madrid Biblioteca del Ateneo de Madrid Depósito 2 17/01/2008     L-26503 1055790 23/02/2023 23/02/2023 Libro impreso